000 00314nam a2200145Ia 4500
100 _aTaxali R.K.
942 _cBK
654 _aPC Software
245 _aPC Software for Windows
260 _bTata Mc Graw hill
_aNew Delhi
_c1998
082 _a5.1
_bTAX
300 _a678
546 _aENGLISH
999 _c31589
_d31589